000 00728cab a2200241 4500
001 WB3044-73
008 090401t1994 xxu||||| |||| 00| 0 eng d
035 _a(Sirsi) u10616
041 _aeng
245 _aBills burden to fall in the North
260 _c1994
350 _a0
490 _aDaily Telegraph
_v21 November 1994, 31(1)
520 _aCentral London offices are likely to see the biggest drop in charges following the rating revaluation; the highest rise will be for offices in the North-West.
650 _aAPPEALS
650 _aBUSINESS RATES
650 _aCENTRAL LONDON
650 _aRATING REVALUATION 1995
650 _aUBR
690 _aRATING AND VALUATION
942 _n0
948 _c04/03/1997
999 _c6722
_d6722